Operations management / (Record no. 1115)

MARC details
000 -LEADER
fixed length control field 00614nam a22001937a 4500
005 - DATE AND TIME OF LATEST TRANSACTION
control field 20230215022449.0
008 - FIXED-LENGTH DATA ELEMENTS--GENERAL INFORMATION
fixed length control field 230215b |||||||| |||| 00| 0 eng d
020 ## - INTERNATIONAL STANDARD BOOK NUMBER
International Standard Book Number 978-967-2113-02-7
082 ## - DEWEY DECIMAL CLASSIFICATION NUMBER
Classification number 658.5 Z31 2018
100 ## - MAIN ENTRY--PERSONAL NAME
Personal name Zani, Rosliza MD
Relator term author
245 ## - TITLE STATEMENT
Title Operations management /
Statement of responsibility, etc. Rosliza MD Zani, Mohd Radzi Mohd Khir
250 ## - EDITION STATEMENT
Edition statement 1st ed.
260 ## - PUBLICATION, DISTRIBUTION, ETC.
Place of publication, distribution, etc. Malaysia:
Name of publisher, distributor, etc. Oxford Publishing (Malaysia),
Date of publication, distribution, etc. c2018
300 ## - PHYSICAL DESCRIPTION
Extent xii, 404p.:
Other physical details ill. (some col.)
504 ## - BIBLIOGRAPHY, ETC. NOTE
Bibliography, etc. note Includes index
541 ## - IMMEDIATE SOURCE OF ACQUISITION NOTE
Accession number 6996 c.1, 6997 c.2, 6998 c.3
650 ## - SUBJECT ADDED ENTRY--TOPICAL TERM
Topical term or geographic name entry element Production management
700 ## - ADDED ENTRY--PERSONAL NAME
Personal name Khir, Mohd Radzi Mohd
Relator term author
Holdings
Withdrawn status Lost status Source of classification or shelving scheme Damaged status Not for loan Home library Current library Date acquired Total Checkouts Full call number Barcode Date last seen Copy number Price effective from Koha item type
    Dewey Decimal Classification     ctu-moalboal ctu-moalboal 07/15/2021   658.5 Z31 2018 6996 02/15/2023 1 02/15/2023 Books-Reference
    Dewey Decimal Classification     ctu-moalboal ctu-moalboal 07/15/2021   658.5 Z31 2018 6997 02/15/2023 2 02/15/2023 Books-Reference
    Dewey Decimal Classification     ctu-moalboal ctu-moalboal 07/15/2021   658.5 Z31 2018 6998 02/15/2023 3 02/15/2023 Books-Reference